فاسيليفسكي / (رقم التسجيلة. 69511)
[ عرض عادي ]
| 000 -LEADER | |
|---|---|
| fixed length control field | 00664nam a22002057a 4500 |
| 005 - DATE AND TIME OF LATEST TRANSACTION | |
| control field | 20251108172049.0 |
| 008 - FIXED-LENGTH DATA ELEMENTS--GENERAL INFORMATION | |
| fixed length control field | 250721s1988 xx 000 0 ara d |
| 082 14 - DEWEY DECIMAL CLASSIFICATION NUMBER | |
| Classification number | ط/923.5942084/عسل |
| 100 1# - MAIN ENTRY--PERSONAL NAME | |
| Personal name | العسلي، بسام |
| Relator term | مؤلف |
| 245 10 - TITLE STATEMENT | |
| Title | فاسيليفسكي / |
| 264 1# - PRODUCTION, PUBLICATION, DISTRIBUTION, MANUFACTURE, AND COPYRIGHT NOTICE | |
| Place of production, publication, distribution, manufacture | بيروت : |
| Name of producer, publisher, distributor, manufacturer | دار النفائس، |
| Date of production, publication, distribution, manufacture, or copyright notice | 1988. |
| 300 ## - PHYSICAL DESCRIPTION | |
| Extent | 216ص |
| 490 0# - SERIES STATEMENT | |
| Series statement | مشاهير قادة الحرب العالمية الثانية ؛ 6 |
| 650 17 - SUBJECT ADDED ENTRY--TOPICAL TERM | |
| Topical term or geographic name as entry element | المشاهير |
| 650 17 - SUBJECT ADDED ENTRY--TOPICAL TERM | |
| Topical term or geographic name as entry element | القادة |
| 650 17 - SUBJECT ADDED ENTRY--TOPICAL TERM | |
| Topical term or geographic name as entry element | مقترحة :- ناشئون كبار(15-18) سنة |
| 653 ## - INDEX TERM--UNCONTROLLED | |
| Uncontrolled term | ناشاون كبار (15-18) سنه |
| 942 ## - ADDED ENTRY ELEMENTS (KOHA) | |
| Source of classification or shelving scheme | Dewey Decimal Classification |
| Koha item type | كتب |
| حالة السحب | حالة الفقدان | مصدر التصنيف | حالة التلف | غير قابل للإعارة | المكتبة الرئيسية | المكتبة الحالية | موقع الرف | تاريخ التزويد | الرقم المتسلسل | Total Checkouts | رقم الإستدعاء | الباركود | تاريخ آخر ظهور | تاريخ الفاتورة | نوع المادة (كوها) |
|---|---|---|---|---|---|---|---|---|---|---|---|---|---|---|---|
| Withdrawn | Dewey Decimal Classification | المكتبة المركزية | المكتبة المركزية | الأطفال | 28/07/2025 | 1023100 | ط/923.5942084/عسل | 1023100 | 28/07/2025 | 28/07/2025 | كتب | ||||
| Dewey Decimal Classification | مكتبة البراءة للأطفال | مكتبة البراءة للأطفال | الأطفال | 28/07/2025 | 853015 | ط/923.5942084/عسل | 853015 | 28/07/2025 | 28/07/2025 | كتب | |||||
| Dewey Decimal Classification | مكتبة الراية الهاشمية للأطفال | مكتبة الراية الهاشمية للأطفال | الأطفال | 28/07/2025 | 853024 | ط/923.5942084/عسل | 853024 | 28/07/2025 | 28/07/2025 | كتب | |||||
| Dewey Decimal Classification | مكتبة النصر العامة | مكتبة النصر العامة | الإعارة | 08/04/2015 | [ 229 ] | ط/923.5942084/عسل | PLD00382487 | 28/07/2025 | 08/04/2015 | كتب |